000 01013nam2a2200253 4500
001 RU\NLR\BIBL_A\012398454
005 20201116134024.0
010 _a978-5-04-112750-3
_915000
021 _aRU
_bКН-П-20-043157
_9КН-П-20-3291
035 _a(NLR Aleph) 012398454
035 _a(RuMoRGB)010392849
090 _a11711767
_c11711767
100 _a20201106d2020 u y0rusy50 ca
101 0 _arus
102 _aRU
105 _ay|||z|||000ay
200 0 _aТ. 1
210 _d2020
215 _a444, [2] с.
461 0 _1001RU\NLR\BIBL_A\012398452
_12001#$aДругая правда$e[роман]$fАлександра Маринина$vТ. 1
_1700#1$aМаринина$bА. Б.$f1957-$gАлександра Борисовна$3RU\NLR\AUTH\77515
_911711754
_aМаринина, А. Б. (1957-)
_cМосква
_d2020
_fАлександра Маринина
_nЭксмо
_o[роман]
_tДругая правда
_vТ. 1
942 _cBOOK
980 _aNB